000 00770nas a2200265 4500
001 BR0705717
003 BR-BrBNA
005 20231205110957.0
007 ta
008 230509b bl.|||p| |||| 00| 00por d
040 _aBR-BrBNA
_bpor
_cBiblioteca Nacional de Agricultura
041 _a(Pt)
072 _aL02
100 1 _aNeves, J.D.
100 1 _aCaldas, G.C.
100 1 _aAraujo, P.E.S. de
245 1 _aFeijão macassar na engorda de bovinos em confinamento
650 _aBOVINO
650 _aFEIJAO DE CORDA
650 _aENGORDA
650 _aCONFINAMENTO
773 0 _tAnais da Academia Pernambucana de Ciência Agronômica (Brazil)
_xISSN
_g(2005), v. 2 p. 157-165
_wBR0705717
909 _a202311
_bLúcia
_c55
_dLúcia Elande
942 _2AGRIS
_n0
_cANA
999 _c190045
_d190045